000 00631nam a2200277Ia 4500
005 20260324143645.0
008 008 260324s9999 xx 000 0 eng d
020 _a9780203198155
037 _aEBOOK
040 _aCRL
040 _beng
040 _cCRL
041 _2eng
041 _aeng
084 _qCRL
100 _aPeter Clarke
_91190899
245 4 _aThe World's Religions: Islam
260 _bTaylor and Francis
260 _c1991
365 _a
365 _b80.99
856 _uhttp://www.taylorfrancis.com/books/9780203198155
942 _cEBOOK
999 _c1822094
_d1822094